000
00324nam a22001337a 4500
008
171024b xxu||||| |||| 00| 0 eng d
020
_a
9781118504390
041
_a
eng
080
_2
7TH
_a
311
100
_a
55
101
_a
STA
245
_a
BUSINESS STATISTICS FOR CONTEMPORARY DECISION MAKING
_c
BLACK,K
942
_2
udc
_c
BK
999
_c
35755
_d
35755